Szczegóły MARC21

Etyka i religie na przełomie tysiącleci : ciągłość i zmiana /

003 -Nazwa inst., której nr kontr. jest w polu 001 [,]
    • @
    • Nazwa instytucji, której n kontrolny jest w polu 001
    • NUKAT
005 -DATA I CZAS OSTATNIEJ MODYFIKACJI [,]
    • @
    • pole kontrolne
    • 20241231104237.0
020 -Międzynarod. znormalizowany nr książki - ISBN [ , ]
    • a
    • Numer ISBN
    • 8388149539 Find
040 -Instytucja sporządzająca opis [ , ]
    • a
    • Instytucja, która sporządziła opis (NP)
    • WR O/KK
    • c
    • Instytucja, która sporządziła rekord (NP)
    • WR O/KK
    • d
    • Instytucja, która zmodyfikowała rekord (P)
    • WR O/KKs
    • d
    • Instytucja, która zmodyfikowała rekord (P)
    • WR O/GW
041 -Język dokumentu [0, ]
    • a
    • Język tekstu (P)
    • polski
    • b
    • Język streszczeń lub abstraktu (P)
    • angielski
    • b
    • Język streszczeń lub abstraktu (P)
    • włoski
942 -Rodzaj dokumentu [ , ]
    • c
    • Rodzaj dokumentu
    • Książka
100 -Hasło główne - nazwa osobowa [1, ]
    • a
    • Nazwa osobowa (NP)
    • Przecławski, Krzysztof
    • d
    • Daty biograficzne (NP)
    • (1927-2014).
    • 9
    • KHW
    • 76887
245 -Strefa tytułu i oznaczenia odpowiedzialności [1,0]
    • a
    • Tytuł
    • Etyka i religie na przełomie tysiącleci : Find
    • b
    • Ciąg dalszy tytułu (NP)
    • ciągłość i zmiana / Find
    • c
    • Pozostałe elementy strefy tytułu i oznaczenia odpowiedzialności (NP)
    • Krzysztof Przecławski.
260 -Strefa adresu wydawniczego [ , ]
    • a
    • Miejsce wydania (P)
    • Warszawa :
    • b
    • Nazwa wydawcy (P)
    • Żak,
    • c
    • Data wydania (P)
    • 2001.
300 -Strefa opisu fizycznego [ , ]
    • a
    • Określenie formy książki i/lub objętość (NP)
    • 154 s. ;
    • c
    • Format (NP)
    • 21 cm.
336 -Typ zawartości [ , ]
    • a
    • Termin opisujący typ zawartości
    • Tekst
    • b
    • Kod określający zawartość
    • txt
    • 2
    • Źródło (terminu i kodu)
    • rdacontent
337 -Typ mediów [ , ]
    • a
    • Tryb odtwarzania
    • Bez urządzenia pośredniczącego
    • b
    • Kod typu mediów
    • n
    • 2
    • Źródło (terminu i kodu)
    • rdamedia
338 -Typ/rodzaj nośnika [ , ]
    • a
    • Hasło opisujące typ nośnika
    • Wolumin
    • b
    • Kod typu nośnika
    • nc
    • 2
    • Źródło (terminu i kodu)
    • rdacarrier
504 -Uwaga dot. bibliogr. załącznikowej [ , ]
    • a
    • Uwaga dot. bibliografii załącznikowej
    • Bibliogr. s. [57], 87-[88], 141-[142].
546 -Uwaga dot. języka [ , ]
    • a
    • Uwaga dot. języka
    • Streszcz. ang., wł.
080 -Uniwersalna Klasyfikacja Dziesiętna [ , ]
    • 2
    • Identyfikator wydania tablic
    • UDC-P022
    • a
    • Symbol klasyfikacji
    • 291
    • b
    • Dopowiedzenie
    • Religioznawstwo. Historia porównawcza religii. Filozofia religii. Pochodzenie religii.
    • x
    • Poddział wspólny
    • "19"
080 -Uniwersalna Klasyfikacja Dziesiętna [ , ]
    • 2
    • Identyfikator wydania tablic
    • UDC-P022
    • a
    • Symbol klasyfikacji
    • 17
    • b
    • Dopowiedzenie
    • Etyka. Moralność. Filozofia praktyczna.
    • x
    • Poddział wspólny
    • "19"
650 -Hasło przedmiotowe [ ,7]
    • a
    • Hasło przedmiotowe
    • Człowiek (teologia).
    • 2
    • Źródło terminu
    • kaba
    • 9
    • KHW
    • 105683
650 -Hasło przedmiotowe [ ,7]
    • a
    • Hasło przedmiotowe
    • Etyka chrześcijańska.
    • 2
    • Źródło terminu
    • kaba
    • 9
    • KHW
    • 108079
650 -Hasło przedmiotowe [ ,7]
    • a
    • Hasło przedmiotowe
    • Wartości (filozofia).
    • 2
    • Źródło terminu
    • kaba
    • 9
    • KHW
    • 135076
650 -Hasło przedmiotowe [ ,7]
    • a
    • Hasło przedmiotowe
    • Religie.
    • 2
    • Źródło terminu
    • kaba
    • 9
    • KHW
    • 127741
980 -Symbol UKD [ , ]
    • a
    • UKD
    • 291:17]"19"
710 -Hasło dodatkowe - nazwa ciała zbiorowego [2, ]
    • a
    • Nazwa ciała zbiorowego lub nazwa geograficzna jako pierwszy element (NP)
    • Wydawnictwo Akademickie Żak.
    • 4
    • Kod relacji
    • pbl
    • 9
    • KHW
    • 56877
920 -ISBN [ , ]
    • a
    • ISBN
    • 83-88149-53-9 Find
Numer inwentarzowy Lokalizacja Data inwentaryzacji Status udost.
Pd.18542BG2007-06-201